MARC

LEADER 00000nam0a2200000 4500
001 192611
005 20231101224429.0
010 |a 5211018702 
035 |a (RuTPU)RU\TPU\book\210030 
090 |a 192611 
100 |a 20110304d1990 m y0rusy50 ca 
101 0 |a rus 
102 |a RU 
105 |a a j 000zy 
200 1 |a Химическая связь и вещество  |e учебное пособие для студентов-иностранцев  |f М. Д. Адаменкова, Е. Н. Борисова, М. И. Привезенцева  |g Московский государственный университет им. М. В. Ломоносова (МГУ) 
210 |a Москва  |c Изд-во Московского ун-та  |d 1990 
215 |a 106 с.  |c ил. 
606 1 |a Химические вещества  |x Строение  |2 stltpush  |3 (RuTPU)RU\TPU\subj\17211  |9 42994 
610 1 |a химия 
610 1 |a химическая связь 
610 1 |a вещество 
610 1 |a атомы 
610 1 |a ковалентные атомные кристаллы 
610 1 |a ионные соединения 
610 1 |a металлы 
610 1 |a комплексные соединения 
610 1 |a степень окисления 
610 1 |a количественные расчеты 
610 1 |a учебные пособия 
610 1 |a пособия для иностранцев 
610 1 |a строение 
675 |a 544.1(075.8)  |v 3 
700 1 |a Адаменкова  |b М. Д.  |g Маргарита Дмитриевна 
701 1 |a Борисова  |b Е. Н.  |g Елена Нестеровна 
701 1 |a Привезенцева  |b М. И.  |g Марина Игоревна 
712 0 2 |a Московский государственный университет им. М. В. Ломоносова (МГУ)  |2 stltpush  |3 (RuTPU)RU\TPU\col\7 
801 1 |a RU  |b 63413507  |c 20110304 
801 2 |a RU  |b 63413507  |c 20150924  |g RCR 
942 |c BK